[Event "Elitserien 2019/2020, round 7-9"]
[Site "Vaxjo, Sweden"]
[Date "2020.10.16"]
[Round "7"]
[White "Miezis, Normunds"]
[Black "Heberla, Bartlomiej"]
[Result "1/2-1/2"]
[WhiteElo "2484"]
[BlackElo "2564"]

1.c4 e6 2.e4 d5 3.exd5 exd5 4.d4 Nf6 5.Nc3 Bb4 6.Bd3 O-O 7.Ne2 dxc4 8.Bxc4
Nc6 9.O-O h6 10.Bf4 Bf5 11.d5 Ne7 12.Rc1 a6 13.Qd4 c5 14.dxc6 Nxc6 15.Qxd8
Rfxd8 16.Rfd1 Na5 17.Bd5 Nxd5 18.Nxd5 Nc6 19.a3 Bf8 20.Ng3 Be6 21.Nc7 Bb3 
22.Re1 Rac8 23.Rc3 Ba2 24.h4 Rd4 25.Re4 Rd1+ 26.Kh2 g5 27.hxg5 hxg5 28.
Bxg5 Rxc7 29.Bf6 Be6 30.Nf5 Bxf5 31.Rg3+ Bg6 32.Rh3 Bd6+ 33.f4 Bh7 34.Re8+
Bf8 35.Rg3+ Bg6 36.Rh3 Bh7 1/2-1/2

[Event "Elitserien 2019/2020, round 7-9"]
[Site "Vaxjo, Sweden"]
[Date "2020.10.16"]
[Round "7"]
[White "Haitin, Ilja"]
[Black "Brynell, Stellan"]
[Result "1/2-1/2"]
[WhiteElo "2349"]
[BlackElo "2409"]

1.d4 Nf6 2.c4 e6 3.Nc3 Bb4 4.e3 O-O 5.Ne2 d5 6.cxd5 exd5 7.g3 c6 8.Bg2 a5 
9.O-O Re8 10.f3 c5 11.a3 cxd4 12.axb4 dxc3 13.Nxc3 Nc6 14.bxa5 Rxa5 15.
Rxa5 Qxa5 16.Qa4 Qxa4 17.Nxa4 Bf5 18.Nb6 Ne5 19.f4 Nd3 20.Nxd5 Nxd5 21.
Bxd5 b6 22.Bd2 Nxb2 23.Bc3 Na4 24.Bd4 Nc5 25.Ra1 h5 26.Ra7 Be6 27.Bf3 Bg4 
28.Bd5 Be6 29.Bf3 Bg4 30.Bd5 1/2-1/2

[Event "Elitserien 2019/2020, round 7-9"]
[Site "Vaxjo, Sweden"]
[Date "2020.10.16"]
[Round "7"]
[White "Akerman, Emil"]
[Black "Hogeman, Joel"]
[Result "0-1"]
[WhiteElo "1964"]
[BlackElo "2175"]

1.c4 e6 2.Nf3 Nf6 3.g3 d5 4.cxd5 exd5 5.d4 Bd6 6.Nc3 c6 7.Qc2 O-O 8.Bg2 
Re8 9.O-O Bg4 10.Re1 Nbd7 11.Bg5 h6 12.Bxf6 Nxf6 13.Nd2 Bh5 14.e4 dxe4 15.
Ndxe4 Bf8 16.Nxf6+ Qxf6 17.d5 c5 18.h3 a6 19.Ne4 Qb6 20.g4 Bg6 21.Rad1 Qa5
22.a3 b5 23.d6 Bxd6 24.Qc1 Bxe4 25.Bxe4 Rad8 26.g5 hxg5 27.Qxg5 Re6 28.Kf1
Rde8 29.Re3 Bf8 30.Ke2 Rxe4 31.Rg1 Qd8 32.Qh5 Qd4 33.Rg3 Qxb2+ 34.Kf1 Qc1+
35.Ke2 Qc4+ 36.Kf3 Rxe3+ 37.fxe3 Qf1+ 38.Kg4 Re4+ 0-1

[Event "Elitserien 2019/2020, round 7-9"]
[Site "Vaxjo, Sweden"]
[Date "2020.10.17"]
[Round "8"]
[White "Nylen, Anders"]
[Black "Norberg, Johan"]
[Result "1/2-1/2"]
[WhiteElo "2188"]
[BlackElo "2304"]

1.d4 d6 2.e4 Nf6 3.f3 c5 4.d5 g6 5.c4 Bg7 6.Nc3 O-O 7.Bg5 a6 8.a4 e6 9.Qd2
exd5 10.cxd5 Re8 11.Nge2 Nbd7 12.Ng3 Rb8 13.Be2 Qc7 14.O-O c4 15.Rfc1 b5 
16.axb5 axb5 17.b4 cxb3 18.Nxb5 Qd8 19.Rc6 Ne5 20.Rxd6 Qe7 21.Rb1 Bd7 22.
Rxd7 Qxd7 23.Rxb3 Rec8 24.Nd4 Rxb3 25.Nxb3 Qa4 26.Nd4 Nfd7 27.Be3 Qa1+ 28.
Nf1 Qb1 29.Qd1 Qxd1 30.Bxd1 Rc3 31.Ne2 Ra3 32.Neg3 Nc4 33.Bf2 Nde5 34.Be2 
Nd3 35.Bxd3 Rxd3 36.Bc5 Bf8 37.Bxf8 Kxf8 38.Kf2 Ke7 39.Ne2 Kd6 40.Nfg3 Rd2
41.h4 h5 42.Nf1 Ra2 43.Ng3 Kc5 44.Nf1 Nd6 45.Ne3 Nb5 46.Nf1 Kc4 47.Ke3 
Ra3+ 48.Kf4 f6 49.e5 Kxd5 50.exf6 Ke6 1/2-1/2